00783nas a2200253 a 45000010005000000030008000050050017000130080039000300300011000690350018000800400042000980410008001400600015001480820024001631000026001872450074002132600037002873000024003245040020003485100045003686500015004136500024004287760077004528736BD-RjUL20211208234636.0160921s1954 enkar 0 1 a0eng aPOPTAN a(BD-RjUL)8781 aDLCbengcMnMULSdNICdTULIBdBD-RjUL aeng00aW1bPR676K04a332.4223bWHP 1948 aWhittlesey, Charles R10aPrinciples and practices of money and banking /cCharles R Whittlesey aNew York :bMacmillan Co.,c1948 axiii, 579 :c22 cm. aIncludes index.2 aChemical abstractsx0009-2258b1961-1984 aMoney.  aBanks and banking. 08iOnline version:tProgress in opticsw(DLC) 2011233398w(OCoLC)297256018